000 01695cam a2200253 4500
001 ABS63538
008 000000n2001 000 0 eng u
035 _a(Sirsi) u111195
245 _aTough targets set to protect construction workers
260 _c2001
490 _aDETR News Release
_v(102) 27 February 2001, (4)
520 _aIn a keynote address to the Construction Safety Summit Conference the Deputy Prime Minister called for construction firms to sign up to new safety plans and targets. These aim to reduce construction-related deaths and serious injuries by 40% over the next four years and by 60% by 2010, and to cut the number of days lost due to injuries and ill health by 20% and 50% over the same periods. Additional measures proposed at the conference include achieving registration of all construction workers, increasing the number of safety representatives, improving training for 1.5m workers, publication of health and safety performance on government contracts, zero tolerance of bad safety practice, a commitment to health and safety under the Clients' Charter and the targeting of high risk activities within the construction process. The conference was organised in response to the rise in the number of fatalities reported by the HSE details of which are available at http://www.hse.gov.uk/ops_unit/fatal00.htm
590 _aABS
650 _aACCIDENTS AT WORK
650 _aCONSTRUCTION INDUSTRY
650 _aCONSTRUCTION SAFETY SUMMIT CONFERENCE
650 _aDEATHS
650 _aFATAL ACCIDENTS
650 _aHEALTH AND SAFETY EXECUTIVE
650 _aHSE
650 _aINJURIES
690 _aBUILT ENVIRONMENT-BUILDING STANDARDS
942 _n0
999 _c66245
_d66245